Rôzne aspekty priamych zahraničných investícií

PZI ako jeden z najvýznamnejších fenoménov globalizácie. Dopady PZI na hostiteľskú ekonomiku. Celkové efekty PZI, možné pozitíva a negatíva spojené s PZI. Vplyv PZI na slovenskú ekonomiku. Formy priamych zahraničných investícií. Determinanty PZI. Vývoj PZI vo svete, v krajinách SVE.

Salvato in:
Dettagli Bibliografici
Autore principale: Hudáková, Jana
Natura: Capitolo di libro
Lingua:slovacco
Soggetti:
Tags: Aggiungi Tag
Nessun Tag, puoi essere il primo ad aggiungerne!!

MARC

LEADER 00000naa$a2200000$$$4500
001 0039340
005 20221128095033.6
041 0 |a slo 
044 |a SK 
245 1 0 |a Rôzne aspekty priamych zahraničných investícií  |c Jana Hudáková 
520 |a PZI ako jeden z najvýznamnejších fenoménov globalizácie. Dopady PZI na hostiteľskú ekonomiku. Celkové efekty PZI, možné pozitíva a negatíva spojené s PZI. Vplyv PZI na slovenskú ekonomiku. Formy priamych zahraničných investícií. Determinanty PZI. Vývoj PZI vo svete, v krajinách SVE. 
610 2 0 |a investície priame zahraničné 
610 2 0 |a svet 
610 2 0 |a SVE 
610 2 0 |a hospodárstvo národné 
610 2 0 |a hospodárstvo svetové 
100 1 |a Hudáková, Jana